000 00321nam a22001457a 4500
008 221228b ||||| |||| 00| 0 eng d
020 _a9781593455040
041 _aeng
080 _2NINTH EDITION
_a34
082 _a34POL
100 _a32
101 _aJURED
245 _aCRIMINAL LAW
_cPOLLOCK M J
942 _2udc
_cBK
999 _c59229
_d59229